| 000 | 00369 a2200169 4500 | ||
|---|---|---|---|
| 001 | 70321 | ||
| 020 | _a | ||
| 040 | _cAnchieta - Itaigara | ||
| 100 | _aSantos, Anestô Alves dos | ||
| 240 | 1 | 0 |
_aO sonho de um poeta _lpor |
| 245 | 1 | 0 | _aO sonho de um poeta |
| 300 | _a105 | ||
| 362 | 0 | _a2008 | |
| 440 | 1 | _aFTD | |
| 650 | 4 | _aLiteratura infanto-juvenil | |
| 942 | _cBK | ||
| 999 |
_c70321 _d70321 |
||